La migración interna en las grandes ciudades de América Latina: efectos sobre el crecimiento demográfico y la composición de la población /

Uloženo v:
Podrobná bibliografie
Hlavní autor: Rodríguez, Jorge
Médium: Text
Tagy: Přidat tag
Žádné tagy, Buďte první, kdo vytvoří štítek k tomuto záznamu!

MARC

LEADER 00000 a a2200000 04500
001 46527
003
040
100 |a Rodríguez, Jorge  
245 |a La migración interna en las grandes ciudades de América Latina:   |b efectos sobre el crecimiento demográfico y la composición de la población /  |c Jorge Rodríguez  
590 |a DISEMINAR072014  
773 |g volumen40, número96 ( , 2013), páginas 53-104 : tablas, gráficos, mapas  
999 |c 28134  |d 28134